| 000 | 00545nam a2200181Ia 4500 | ||
|---|---|---|---|
| 003 | GCL | ||
| 008 | 140319s9999 xx 000 0 ara d | ||
| 040 |
_aGCL / _cGCL |
||
| 082 | 0 | 4 |
_a811.9 _bا ا |
| 100 | 1 | _aاحسان عباس | |
| 245 | 1 | 0 |
_aاتجاهات الشعر العربى المعاصر(عالم المعرفة2) / _cاحسان عباس |
| 260 |
_a[S.N] : _bدار الشرق العربى ، _c1992 |
||
| 300 | _a227 | ||
| 490 | _a | ||
| 650 | 0 | 4 | _aالشعر العربى |
| 650 | 0 | 4 | _aالادب العربى |
| 942 |
_2ddc _cBK |
||
| 999 |
_c54587 _d54587 |
||